00688nam a22002057a 4500003000500000005001700005008004100022010001000063011001000073035001000083040000900093100002400102245014200126260004000268300001000308502008100318650003400399650002600433650002300459CHAP20220329135617.0971013s1995 r 00010 d a39264 a40236 a44361 cCHAP00aAvila Ayala, Mario. aEfecto del sulfato de amonio en los contenidos nutrimentales, rendimiento y calidad de la nuez de nogal pecanero (Carya illinoensis Koch) aBermejillo, Dgo. :bEl autor,c1995 a86 h. aTesis (Ing. Agr. Esp. en Zonas Aridas) -- UACH. Departamento de Zonas Aridas14aPecánxElementos minerales.14aPecánxRendimiento.14aSulfato de amonio.